Dekonstruktive Paedagogik : Erziehungswissenschaftliche Debatten unter poststrukturalistischen Perspectiven

Saved in:
Bibliographic Details
Other Authors: Fritzsche, Bettina (Editor)
Format: Book
Language:German
Published: Opladen : Leske und Budrich, 2001
Subjects:
Tags: Add Tag
No Tags, Be the first to tag this record!

MARC

LEADER 00000nam a2200000 i 4500
001 1/38923
008 030728s2001 ger d
020 |a 3-8100-3038-4 
035 |l 10070531 
040 |a GR-MY-UA  |b gre  |e aacr 
041 0 |a ger 
082 0 |a 370.1 
245 1 0 |a Dekonstruktive Paedagogik :  |b Erziehungswissenschaftliche Debatten unter poststrukturalistischen Perspectiven /  |c Bettina Fritzsche ... [et al.] (Hrsg.) 
260 |a Opladen :   |b Leske und Budrich,   |c 2001 
300 |a 314 p. 
504 |a Includes bibliographical references 
650 0 0 |a Education  |x Philosophy. 
650 0 0 |a Education  |x Aims and objectives. 
700 1 |a Fritzsche, Bettina.  |4 edt 
852 |a INST  |b RHODES  |e 20030728  |h 370.1 DEK  |p 005400020063  |q 005400020063  |t BK  |y 0 
901 |a BIBL4-2003-3 
909 |a Ρ  |b 105507 
922 |a 4ΕΛΗ  |b 200306  |c ΕΠΕΑΕΚ2/ΤΕΠΑΕΣ  |d ΠΑΠΑΣΩΤΗΡΙΟΥ 
950 |a 096-2002-10-08 
970 |a ΚΟΥΛΑΚΙΟΤΗ  |b ΛΙΤΣΑ  |z 2003/09/18